000 00704cam a2200241 i 4500
008
020 _a0201033925
049 _aMAIN
090 _aQA184
_bJOH
100 1 _aJohnson, Lee W.
245 1 0 _aIntroduction to linear algebra /
_cLee W. Johnson, R. Dean Riess.
260 _aReading, Mass. :
_bAddison-Wesley Pub. Co.,
_cc1981.
300 _aix, 358 p. ;
_c24 cm.
490 0 _aAddison-Wesley series in mathematics.
500 _aIncludes index.
650 0 _aAlgebras, Linear.
700 1 _aRiess, R. Dean.
907 _a.b10204635
_b23-04-12
_c07-06-06
003
005 20230123134219.0
040 _cNUST
942 _cBOOKS
_kQA184
_mJOH
999 _c162003
_d162003